An accompaniment to higher mathematics /

Guardado en:
Autor Principal: Exner, George R.
Formato: Libro
Idioma:English
Publicado: New York : Springer, c1996.
Series:Undergraduate texts in mathematics
Etiquetas: Agregar Etiqueta
Sin Etiquetas, Sea el primero en etiquetar este registro!
LEADER 00655nam a22001935a 4500
001 MAT.inmabb000099
008 971029s1997####nyua#####b####001#0#eng##
005 20170526124705.0
245 1 3 |a An accompaniment to higher mathematics /  |c George R. Exner. 
260 |a New York :  |b Springer,  |c c1996. 
300 |a xvii, 198 p. ;  |c 25 cm. 
440 0 |a Undergraduate texts in mathematics 
500 |a Corr. 2nd print., 1997. 
504 |a Includes bibliographical references (p. [189]-190) and index. 
510 4 |a MR,  |c 97d:00008 
020 |a 0387946179 
100 1 |a Exner, George R. 
084 |a 00A35 (00-01 03-01)  |2 msc2000 
859 |h 00A35  |i Ex96  |p A-7801  |b BIB. MATEMATICA